Происхождение гор и материков

Библиографические подробности
Главный автор: Обручев В. А. Владимир Афанасьевич
Язык:русский
Опубликовано: Иваново, ОГИЗ
Предметы:
Формат: Книга
Запись в KOHA:https://koha.lib.tpu.ru/cgi-bin/koha/opac-detail.pl?biblionumber=297098

MARC

LEADER 00000nam0a2200000 4500
001 297098
005 20231102000956.0
010 |b 10000 экз. 
035 |a (RuTPU)RU\TPU\book\322218 
035 |a RU\TPU\book\312020 
090 |a 297098 
100 |a 20150605d1948 k y0rusy50 ca 
101 0 |a rus 
102 |a RU 
105 |a a z 000zy 
200 1 |a Происхождение гор и материков  |f В. А. Обручев 
210 |a Иваново  |c ОГИЗ  |c Ивановское областное издательство  |c 1948 
215 |a 39 с.  |c ил. 
606 1 |a Материки  |x Происхождение  |2 stltpush  |3 (RuTPU)RU\TPU\subj\41364  |9 61159 
610 1 |a горы 
610 1 |a геоморфология 
610 1 |a рельеф 
610 1 |a труды учёных ТПУ 
610 1 |a коллекция В. А. Обручева 
675 |a 551.41  |v 3 
700 1 |a Обручев  |b В. А.  |c российский геолог  |c профессор Томского технологического института  |c исследователь Сибири, Центральной и Средней Азии  |c географ  |f 1863-1956  |g Владимир Афанасьевич  |2 stltpush  |3 (RuTPU)RU\TPU\pers\996 
801 1 |a RU  |b 63413507  |c 20150318 
801 2 |a RU  |b 63413507  |c 20181219  |g RCR 
942 |c BK